| 000 | 00483nam a2200145 4500 | ||
|---|---|---|---|
| 999 |
_c9481 _d9481 |
||
| 003 | OSt | ||
| 005 | 20210625161857.0 | ||
| 008 | 210625b ||||| |||| 00| 0 eng d | ||
| 020 | _a9780764137327 | ||
| 082 |
_a741.58 _bCRI |
||
| 100 | _aCristiano, Giuseppe | ||
| 245 | _aStoryboard design course : principles, practice, and techniques : the ultimate guide for artists, directors, producers, and scriptwriters | ||
| 260 |
_aNorth America _bBarrons educational series _c2007 |
||
| 942 | _2ddc | ||